Teoría de la integral

Spremljeno u:
Bibliografski detalji
Glavni autor: Zubieta Russi, Gonzalo (Autor)
Format: Knjiga
Jezik:španjolski
Izdano: Ciudad de México Trillas 1970
Serija:Monografías Sociedad Matemática Mexicana
Teme:
Oznake: Dodaj oznaku
Bez oznaka, Budi prvi tko označuje ovaj zapis!

MARC

LEADER 00000nam a2200000 a 4500
001 UCP3726
003 CL-VaPUC
008 990702e19700000MX |||||||||||||||||spa|d
082 0 4 |a 515.43  |b ZUB  |2 21 
100 0 |a Zubieta Russi, Gonzalo  |e author  |9 431096 
245 1 0 |a Teoría de la integral 
300 |a 222 p 
942 |c BK 
945 |d 19990702 00:00:00  |a crobeson 
260 |a Ciudad de México  |b Trillas  |c 1970 
650 0 |a Integrales   |9 260233 
650 0 |a Series numéricas  |9 423265 
650 0 |a Cálculo integral  |9 260103 
583 |a last modification  |c 19990702 00:00:00  |k Rodrigo Vera 
490 0 |a Monografías Sociedad Matemática Mexicana 
999 |c 281933  |d 281931 
952 |0 0  |1 0  |4 0  |6 515_430000000000000_ZUB_1970  |7 0  |8 A  |9 323099  |a BIBMAT  |b BIBMAT  |d 2019-11-20  |i 1351451  |o 515.43 ZUB 1970  |p 1351451  |r 2025-01-07  |w 2019-11-20  |y BK  |k MAT 
952 |0 0  |1 0  |4 0  |6 515_430000000000000_ZUB_1970  |7 0  |8 A  |9 323100  |a BIBMAT  |b BIBMAT  |d 2019-11-20  |i 135146K  |o 515.43 ZUB 1970  |p 135146K  |r 2025-01-07  |w 2019-11-20  |y BK  |k MAT